Bus stops of route A10 in Hong Kong 香港A10號巴士 - Statistics

General Stats
  • This quiz has been taken 6 times
  • The average score is 19 of 53
Answer Stats
站名 Stop name % Correct
53 機場(地面運輸中心) Airport (Ground Transportation Centre)
83%
51 機場(1號客運大樓) Airport (Terminal 1)
67%
13 香港仔海濱公園 Aberdeen Promenade
50%
8 鴨脷洲徑 Ap Lei Chau Drive
50%
6 鴨脷洲邨 Ap Lei Chau Estate
50%
23 置富南區廣場 Chi Fu Landmark
50%
28 心光學校 Ebenezzer School
50%
50 青嶼幹線巴士轉乘站 Lantau Link Bus-Bus Interchange
50%
7 利枝道 Lee Chi Road
50%
10 利東街市 Lei Tung Market
50%
31 安利別墅 On Lee
50%
26 薄扶林水塘道 Pok Fu Lam Reservoir Road
50%
25 薄扶林村 Pok Fu Lam Village
50%
29 瑪麗醫院 Queen Mary Hospital
50%
2 凱玥 The Corniche
50%
15 田灣街 Tin Wan Street
50%
17 華富商場 Wah Fu Commerclal Complex
50%
19 華富(北) Wah Fu (North)
50%
16 華富邨華樂樓 Wah Lok House, Wah Fu Estate
50%
48 水街 Water Street
50%
22 置富花園1-7座 Block 1-7, Chi Fu Fa Yuen
33%
14 香港仔魚類批發市場 Aberdeen Wholesale FIsh Market
33%
1 鴨脷洲(利樂街) Ap Lei Chau (Lee Lok Street)
33%
21 置富徑 Chi Fu Close
33%
24 置富花園網球場 Chi Fu Fa Yuen Tennis Court
33%
46 山道 Hill Road
33%
30 香港華人基督教聯會薄扶林道墳場 HKCCCU Pok Fu Lam Road Cemetery
33%
4 海怡半島海韻閣 Hoi Wan Court, South Horizons
33%
5 鴨脷洲邨利澤樓 Lei Chak House, Ap Lei Chau Estate
33%
3 海怡半島美暉閣 Mei Fai Court, South Horizons
33%
37 摩星嶺徑 Mount Davis Path
33%
12 逸港居 Ocean Court
33%
33 湖苑 Ocean View
33%
40 西寧街 Sai Ning Street
33%
41 西市街 Sai See Street
33%
42 士美菲路 Smithfield
33%
9 利東邨東興樓 Tung Hing House Lei Tung Estate
33%
36 域多利道 Victoria Road
33%
27 嘉林閣 Woodbury Court
33%
11 漁安苑 Yue On Court
33%
35 翠海別墅 Cape Mansions
17%
38 明愛賽馬會宿舍 Caritas Jockey Club Hostel
17%
44 歌連臣街 Collinson Street
17%
32 翠暉臺 Greenvale
17%
52 港珠澳大橋香港口岸旅檢大樓 HZMB Hong Kong Port Passenger Clearance Building
17%
39 港島西廢物轉運站 Island West Transfer Station
17%
45 堅尼地城游泳池休憩處 Kennedy Town Swimming Pool Sitting-out Area
17%
47 均益大廈第二期 Kwan Yick Building Phase II
17%
43 西祥街 Sai Cheung Street
17%
34 聖嘉勒女書院 St. Clare's Girls' School
17%
18 華富邨華清樓 Wah Ching House, Wah Fu Estate
17%
49 西區海底隧道巴士轉乘站 Western Harbour Crossing Bus-Bus Interchange
17%
20 余振強紀念第二中學 Yu Chun Keung Memorial College No.2
17%
No matching quizzes found
Score Distribution
Percent of People with Each Score
Percentile by Number Answered
Your Score History
You have not taken this quiz